[Event "2.BLS 0506 SC Bann - Karlsruher SF"]
[Site "?"]
[Date "2006.01.29"]
[Round "6.1"]
[White "Gerstner, Wolfgang"]
[Black "Stocek, Jiri"]
[Result "0-1"]
[WhiteElo "2407"]
[BlackElo "2580"]
[PlyCount "111"]
[EventDate "2006.??.??"]

1. d4 Nf6 2. Bg5 Ne4 3. Bf4 c5 4. f3 Nf6 5. dxc5 b6 6. e4 bxc5 7. Nc3 Nc6 8.
Bc4 d6 9. e5 dxe5 10. Qxd8+ Kxd8 11. O-O-O+ Bd7 12. Bb5 Ke8 13. Bxc6 Bxc6 14.
Bxe5 Nd7 15. Bg3 f6 16. Nge2 Kf7 17. Rhe1 g5 18. Nd5 Rc8 19. h4 gxh4 20. Bxh4
Rg8 21. Bg3 Rg5 22. c4 Nb6 23. Ne3 h5 24. Rh1 e5 25. Kc2 Be7 26. Bh4 Rg6 27.
Ng3 Rcg8 28. Ngf5 Rxg2+ 29. Nxg2 Rxg2+ 30. Rd2 Bxf3 31. Re1 Bf8 32. Rxg2 Bxg2
33. b3 Nd7 34. Kc3 Ke6 35. Ng7+ Kf7 36. Nxh5 f5 37. Ng3 Ke6 38. a3 a5 39. Bd8
Bd6 40. Bxa5 e4 41. Rg1 Bxg3 42. Kc2 f4 43. Rxg2 f3 44. Rg1 Bf2 45. Rf1 Bd4 46.
Bc7 Nf6 47. a4 Ng4 48. Kd2 e3+ 49. Kd3 Nf2+ 50. Kc2 e2 51. Re1 Ne4 52. Kd3 Kd7
53. Ba5 Ng3 54. Rxe2 Nxe2 55. Be1 Nc1+ 56. Kc2 0-1

[Event "2.BLS 0506 SC Bann - Karlsruher SF"]
[Site "?"]
[Date "2006.01.29"]
[Round "6.2"]
[White "Bunzmann, Dimitri"]
[Black "Karst, Elmar"]
[Result "1-0"]
[WhiteElo "2537"]
[BlackElo "2317"]
[PlyCount "107"]
[EventDate "2006.??.??"]

1. c4 g6 2. d4 Bg7 3. Nc3 Nf6 4. e4 d6 5. Nf3 O-O 6. Be2 e5 7. O-O Nc6 8. d5
Ne7 9. b4 Nh5 10. c5 f5 11. Qb3 Nf4 12. Bxf4 fxe4 13. Nxe4 Rxf4 14. Qc4 Bh6 15.
g3 Rf8 16. Rfd1 Nf5 17. Rab1 Qe7 18. Re1 Bd7 19. b5 b6 20. c6 Bc8 21. a4 a5 22.
bxa6 Bxa6 23. Qb3 Bxe2 24. Rxe2 Ra5 25. Kg2 Qf7 26. Rd1 Qe7 27. Rd3 Rd8 28. Nc3
Rf8 29. Qb4 Qd8 30. Qe4 Bg7 31. Qg4 Qc8 32. h3 Qa6 33. Qe4 Bh6 34. Rb2 Qc8 35.
Rb5 Ra8 36. Rd1 Bg7 37. Rb4 Qd8 38. Nb5 Kh8 39. h4 Bh6 40. Rh1 Ra5 41. h5 g5
42. Nh2 Qe7 43. Rb3 Bg7 44. Rf3 Nh6 45. Rxf8+ Bxf8 46. Re1 Qd8 47. Ng4 Nxg4 48.
Qxg4 Ra8 49. Re3 Be7 50. Rf3 Qg8 51. Nxc7 Ra7 52. Nb5 Qxd5 53. Nxa7 e4 54. c7
1-0

[Event "2.BLS 0506 SC Bann - Karlsruher SF"]
[Site "?"]
[Date "2006.01.29"]
[Round "6.3"]
[White "Arnold, Lothar"]
[Black "Slobodjan, Roman"]
[Result "1/2-1/2"]
[WhiteElo "2348"]
[BlackElo "2526"]
[PlyCount "73"]
[EventDate "2006.??.??"]

1. e4 e5 2. Nf3 Nc6 3. Bb5 a6 4. Bxc6 dxc6 5. O-O f6 6. d4 Bg4 7. dxe5 Qxd1 8.
Rxd1 fxe5 9. Rd3 Bd6 10. Nbd2 Nh6 11. Nc4 Nf7 12. Ng5 Be2 13. Nxf7 Kxf7 14.
Nxd6+ cxd6 15. Rxd6 Rhd8 16. Rxd8 Rxd8 17. Be3 Rd1+ 18. Rxd1 Bxd1 19. c3 a5 20.
f3 Bc2 21. Kf2 Bb1 22. a3 Bd3 23. Bb6 a4 24. h4 h5 25. g3 Ke6 26. Ke3 Bb1 27.
f4 exf4+ 28. gxf4 g6 29. Kd4 Bc2 30. c4 Bb1 31. c5 Bc2 32. Bd8 Bb1 33. Bg5 Bc2
34. e5 Bb3 35. Kc3 Kd7 36. Kb4 Ke8 37. Kc3 1/2-1/2

[Event "2.BLS 0506 SC Bann - Karlsruher SF"]
[Site "?"]
[Date "2006.01.29"]
[Round "6.4"]
[White "Dolezal, Radoslav"]
[Black "Werner, Clemens"]
[Result "1-0"]
[WhiteElo "2387"]
[BlackElo "2282"]
[PlyCount "73"]
[EventDate "2006.??.??"]

1. d4 Nf6 2. Nf3 e6 3. c4 b6 4. g3 Bb7 5. Bg2 c5 6. d5 exd5 7. Nh4 g6 8. Nc3
Bg7 9. O-O O-O 10. cxd5 d6 11. Re1 Nbd7 12. e4 a6 13. a4 Re8 14. Bf1 Qc7 15.
Nf3 Re7 16. Bf4 Ng4 17. Nd2 Nge5 18. Bg5 f6 19. Be3 Rae8 20. f4 Nf7 21. Bf2 Qb8
22. Qb3 Kh8 23. Bh3 Bc8 24. Nc4 f5 25. exf5 Bd4 26. Rxe7 Rxe7 27. fxg6 hxg6 28.
Be6 Nf8 29. Bxf7 Bxf2+ 30. Kxf2 Rxf7 31. Qxb6 Rb7 32. Qd8 Rxb2+ 33. Nxb2 Qxb2+
34. Ne2 Kg8 35. Re1 Bg4 36. Qxd6 c4 37. Qe5 1-0

[Event "2.BLS 0506 SC Bann - Karlsruher SF"]
[Site "?"]
[Date "2006.01.29"]
[Round "6.5"]
[White "Duschek, Volker"]
[Black "Nun, Jiri"]
[Result "1/2-1/2"]
[WhiteElo "2287"]
[BlackElo "2376"]
[PlyCount "63"]
[EventDate "2006.??.??"]

1. e4 c5 2. Nf3 Nc6 3. d4 cxd4 4. Nxd4 Nf6 5. Nc3 e5 6. Ndb5 d6 7. Bg5 a6 8.
Na3 b5 9. Bxf6 gxf6 10. Nd5 f5 11. Bd3 Be6 12. O-O Bxd5 13. exd5 Ne7 14. c3 Bg7
15. Qh5 f4 16. Bc2 h6 17. g3 O-O 18. Rad1 fxg3 19. hxg3 f5 20. f4 e4 21. Bb3
Rf6 22. Nc2 Rg6 23. Kg2 Qd7 24. Ne3 Rf8 25. Qe2 Nc8 26. Rh1 Nb6 27. Rh5 a5 28.
a3 Nc8 29. Kh2 Ne7 30. Bc2 Rgf6 31. Rg1 Ng6 32. Rd1 {(=)} 1/2-1/2

[Event "2.BLS 0506 SC Bann - Karlsruher SF"]
[Site "?"]
[Date "2006.01.29"]
[Round "6.6"]
[White "Muraniy, Karl-Jasmin"]
[Black "Schlager, Thomas"]
[Result "1/2-1/2"]
[WhiteElo "2359"]
[BlackElo "2297"]
[PlyCount "53"]
[EventDate "2006.??.??"]

1. d4 d5 2. c3 Nf6 3. Bf4 c5 4. e3 Nc6 5. Nf3 Qb6 6. Qb3 c4 7. Qc2 Bf5 8. Qc1
e6 9. Nbd2 Be7 10. h3 h6 11. Be2 Qd8 12. Ne5 Nxe5 13. Bxe5 b5 14. b3 O-O 15.
O-O Bd6 16. Bxd6 Qxd6 17. a4 a6 18. Qb2 Rfb8 19. axb5 axb5 20. Rxa8 Rxa8 21.
Ra1 Qc6 22. Ra3 Rxa3 23. Qxa3 Bd3 24. Bd1 cxb3 25. Qxb3 Ne4 26. Nxe4 dxe4 27.
Qa3 1/2-1/2

[Event "2.BLS 0506 SC Bann - Karlsruher SF"]
[Site "?"]
[Date "2006.01.29"]
[Round "6.7"]
[White "Pfrommer, Christoph"]
[Black "Baerwinkel, Tobias"]
[Result "0-1"]
[WhiteElo "2252"]
[BlackElo "2266"]
[PlyCount "80"]
[EventDate "2006.??.??"]

1. e4 c5 2. Nf3 d6 3. d4 cxd4 4. Nxd4 Nf6 5. Nc3 a6 6. Be2 e5 7. Nb3 Be7 8. O-O
O-O 9. Kh1 b6 10. Be3 Nbd7 11. a4 Nc5 12. Nxc5 bxc5 13. f3 Be6 14. Qd2 h6 15.
Rfd1 Qb8 16. b3 Qb4 17. a5 Qb7 18. Na4 Rad8 19. Qe1 Ne8 20. Bc4 Nc7 21. Nb6 Kh8
22. Qe2 Kh7 23. Nd5 Nb5 24. c3 f5 25. exf5 Bxf5 26. Bd3 Kg8 27. Bxf5 Rxf5 28.
Qd3 Rdf8 29. Qe4 Kh8 30. b4 cxb4 31. cxb4 Bg5 32. Bxg5 Rxg5 33. Rac1 Rgf5 34.
h3 R5f7 35. Rc4 Nd4 36. Rdc1 Nxf3 37. gxf3 Rxf3 38. Rc7 Qb5 39. Qg6 Rf1+ 40.
Rxf1 Qxf1+ 0-1

[Event "2.BLS 0506 SC Bann - Karlsruher SF"]
[Site "?"]
[Date "2006.01.29"]
[Round "6.8"]
[White "Mozny, Mylos"]
[Black "Fecht, Hans-Peter"]
[Result "1-0"]
[WhiteElo "2364"]
[BlackElo "2224"]
[PlyCount "81"]
[EventDate "2006.??.??"]

1. d4 d5 2. Nf3 c6 3. c4 Nf6 4. cxd5 cxd5 5. Nc3 Nc6 6. Bf4 a6 7. e3 Bg4 8. Bd3
e6 9. a3 Bd6 10. Bg3 O-O 11. Rc1 Rc8 12. O-O Bxg3 13. hxg3 Na5 14. b4 Nc4 15.
Bxc4 Rxc4 16. Na4 b5 17. Nb2 Rc8 18. Nd3 Ne4 19. Qe1 Bxf3 20. gxf3 Nd6 21. Rc5
Nc4 22. Qc3 Qd6 23. Kg2 Rc7 24. a4 h5 25. Rh1 g6 26. axb5 axb5 27. g4 hxg4 28.
fxg4 Ra7 29. Ne5 f6 30. Rc6 fxe5 31. Rxd6 Ra2 32. Rf1 Nxd6 33. Qc6 Nc4 34.
Qxe6+ Kg7 35. Kg3 e4 36. Qxd5 Rf3+ 37. Kh4 Ra7 38. Qxe4 Raf7 39. Kg5 Rh3 40.
Qxg6+ Kf8 41. Ra1 1-0

[Event "2.BLS 0506 Stuttgarter SF - SC HP Böbli"]
[Site "?"]
[Date "2006.01.29"]
[Round "6.1"]
[White "Dausch, Rene"]
[Black "Berezovsky, Igor"]
[Result "0-1"]
[WhiteElo "2387"]
[BlackElo "2433"]
[PlyCount "90"]
[EventDate "2006.??.??"]

1. d4 g6 2. e4 c6 3. Nf3 d5 4. exd5 cxd5 5. c4 Nf6 6. Nc3 Bg7 7. Be2 O-O 8. O-O
Nc6 9. Re1 dxc4 10. Bxc4 Bg4 11. d5 Bxf3 12. Qxf3 Nd4 13. Qd1 Nf5 14. Bf4 Rc8
15. Bb3 Nd7 16. Bc2 Nd4 17. Bg5 Ne5 18. Kh1 Nxc2 19. Qxc2 Re8 20. Re2 Nc4 21.
Rd1 Qd7 22. Bc1 a6 23. h3 Nd6 24. Qd3 Nf5 25. Bf4 Red8 26. Be5 Bxe5 27. Rxe5 b5
{(=)} 28. a3 Rc4 29. Rde1 Qa7 30. g4 Nd6 31. Rxe7 Qxf2 32. R7e2 Qf4 33. Kg2 Rd4
34. Qg3 Qxg3+ 35. Kxg3 Nc4 36. Kg2 Kf8 37. g5 Rd3 38. Ne4 R3xd5 39. h4 Kg7 40.
Nf6 Rd2 41. Rxd2 Rxd2+ 42. Kg3 Nd6 43. Kh3 h6 44. Re7 Rd3+ 45. Kh2 Rd4 0-1

[Event "2.BLS 0506 Stuttgarter SF - SC HP Böbli"]
[Site "?"]
[Date "2006.01.29"]
[Round "6.2"]
[White "Benkovic, Petar"]
[Black "Gheng, Josef"]
[Result "1-0"]
[WhiteElo "2433"]
[BlackElo "2341"]
[PlyCount "59"]
[EventDate "2006.??.??"]

1. Nf3 Nf6 2. c4 d5 3. cxd5 Nxd5 4. e4 Nb6 5. b3 e5 6. Bb2 Bg4 7. Bb5+ c6 8.
Be2 f6 9. O-O Bxf3 10. Bxf3 Bc5 11. Bg4 O-O 12. Nc3 Bd4 13. Be6+ Kh8 14. Ba3 c5
15. Rc1 Qe7 16. Bh3 Na6 17. Nb5 Rfd8 18. Qh5 g6 19. Qh4 Kg7 20. d3 g5 21. Qg3
Kh8 22. Bf5 Nc8 23. Qh3 b6 24. Nxd4 exd4 25. f4 gxf4 26. Rxf4 Nd6 27. Bxh7 Qxh7
28. Rh4 Qxh4 29. Qxh4+ Kg7 30. Rf1 1-0

[Event "2.BLS 0506 Stuttgarter SF - SC HP Böbli"]
[Site "?"]
[Date "2006.01.29"]
[Round "6.3"]
[White "Bauer, Peter"]
[Black "Vujic, Branimir"]
[Result "0-1"]
[WhiteElo "2295"]
[BlackElo "2357"]
[PlyCount "110"]
[EventDate "2006.??.??"]

1. d4 d5 2. Nf3 Nf6 3. e3 Bf5 4. c4 e6 5. Qb3 Qc8 6. Nc3 c6 7. Bd2 Nbd7 8. Rc1
Qb8 9. Be2 Bd6 10. h3 O-O 11. Nh4 Be4 12. O-O h6 13. cxd5 exd5 14. Nxe4 Nxe4
15. Be1 Re8 16. Nf5 Bc7 17. f3 Nd6 18. Bd3 Nf6 19. Bh4 Nh5 20. Ne7+ Kf8 21. e4
g5 22. e5 Rxe7 23. exd6 Bxd6 24. Bf2 Bh2+ 25. Kh1 Bg3 26. Qa3 Qd6 27. Qxd6 Bxd6
28. Rfe1 Rae8 29. Rxe7 Rxe7 30. Re1 Nf4 31. Rxe7 Bxe7 32. Bf5 Ne6 33. Kg1 Bf6
34. Bxe6 fxe6 35. b3 Ke7 36. Kf1 b6 37. Ke2 Kd6 38. Kd3 e5 39. dxe5+ Bxe5 40.
a4 c5 41. h4 a6 42. hxg5 hxg5 43. g3 b5 44. axb5 axb5 45. Be3 c4+ 46. bxc4
dxc4+ 47. Kd2 Bf6 48. g4 Kd5 49. f4 gxf4 50. Bxf4 Bg7 51. Bg5 b4 52. Be7 b3 53.
Bd8 Ke4 54. g5 c3+ 55. Kc1 Be5 0-1

[Event "2.BLS 0506 Stuttgarter SF - SC HP Böbli"]
[Site "?"]
[Date "2006.01.29"]
[Round "6.4"]
[White "Reuss, Andreas"]
[Black "Ortmann, David"]
[Result "1-0"]
[WhiteElo "2339"]
[BlackElo "2294"]
[PlyCount "123"]
[EventDate "2006.??.??"]

1. e4 e6 2. d4 d5 3. Nc3 Bb4 4. e5 c5 5. a3 Bxc3+ 6. bxc3 Ne7 7. a4 Nbc6 8. Nf3
Qa5 9. Bd2 Bd7 10. Be2 O-O 11. O-O Qc7 12. Bd3 h6 13. Qc1 c4 14. Be2 f6 15. Bf4
Ng6 16. Bg3 fxe5 17. dxe5 Rad8 18. h4 Qa5 19. Ra3 Qc5 20. Ra1 Bc8 21. h5 Nge7
22. Rb1 a6 23. Rd1 Qa5 24. Bf4 Rf7 25. Be3 Rdf8 26. Qa3 Qc7 27. Bb6 Qb8 28. Bc5
Re8 29. Bd6 Qa7 30. Bc5 Qb8 31. Bd6 Qa8 32. Nd4 Nxd4 33. cxd4 Nf5 34. Bc5 Qb8
35. Bb6 Bd7 36. g3 Bc6 37. Kg2 Qc8 38. a5 Qd7 39. Qc3 Bb5 40. Rf1 Ne7 41. f4
Rc8 42. Rf3 Rc6 43. Qa3 Nc8 44. Bc5 b6 45. axb6 Nxb6 46. c3 Nc8 47. Bd1 Rc7 48.
Bc2 Ne7 49. Bg6 Rf8 50. Bc2 Rb7 51. g4 Rfb8 52. Bd6 Re8 53. Kf2 Qd8 54. Bc5 Nc6
55. Rh1 Qa5 56. Bg6 Qxa3 57. Bxa3 Rc7 58. f5 Nd8 59. Kg2 Ba4 60. Rhf1 Bc2 61.
fxe6 Bxg6 62. Rf8+ 1-0

[Event "2.BLS 0506 Stuttgarter SF - SC HP Böbli"]
[Site "?"]
[Date "2006.01.29"]
[Round "6.5"]
[White "Kabisch, Thilo"]
[Black "Heinatz, Thomas"]
[Result "1-0"]
[WhiteElo "2330"]
[BlackElo "2295"]
[PlyCount "81"]
[EventDate "2006.??.??"]

1. e4 c5 2. Nf3 e6 3. d4 cxd4 4. Nxd4 Nc6 5. Nb5 d6 6. c4 Nf6 7. N1c3 a6 8. Na3
Be7 9. Be2 b6 10. O-O Bb7 11. Be3 Ne5 12. f3 Ned7 13. Rc1 O-O 14. Nc2 Rc8 15.
Qd2 Qc7 16. Kh1 Qb8 17. Rfd1 Rfe8 18. Bf1 Ba8 19. Bf2 Ne5 20. Qd4 Nfd7 21. Bg3
h5 22. h3 h4 23. Bh2 Qc7 24. Ne3 Nf6 25. Be2 Red8 26. a3 Ng6 27. Na4 Rb8 28.
Qd2 Qc6 29. Nc3 Nh5 30. Nf1 Rbc8 31. b4 Bf6 32. f4 Bxc3 33. Rxc3 Nhxf4 34. Bxf4
Qxe4 35. Rf3 Nxf4 36. Qxf4 Qxf4 37. Rxf4 g5 38. Rg4 f6 39. Rgd4 d5 40. cxd5
Bxd5 41. Ne3 1-0

[Event "2.BLS 0506 Stuttgarter SF - SC HP Böbli"]
[Site "?"]
[Date "2006.01.29"]
[Round "6.6"]
[White "Lorscheid, Gerhard"]
[Black "Tuncer, Ufuk"]
[Result "1/2-1/2"]
[WhiteElo "2262"]
[BlackElo "2295"]
[PlyCount "97"]
[EventDate "2006.??.??"]

1. d4 Nf6 2. c4 g6 3. Nc3 Bg7 4. e4 d6 5. Be2 O-O 6. Nf3 e5 7. d5 a5 8. Bg5 h6
9. Bh4 Na6 10. Nd2 Qe8 11. O-O Bd7 12. b3 Nh7 13. a3 h5 14. f3 Bh6 15. Kh1 Be3
16. Qc2 Bc5 17. Bf2 b6 18. Nb5 Bxf2 19. Rxf2 Qe7 20. Qc3 c6 21. dxc6 Bxc6 22.
Qe3 Nc5 23. Rff1 Rfe8 24. Nc3 Ne6 25. Bd3 Nf6 26. b4 Nd4 27. Ne2 Nxe2 28. Bxe2
Nd7 29. Rfd1 Rab8 30. Nf1 Nf8 31. Qd2 Red8 32. bxa5 Ne6 33. axb6 Rxb6 34. Rdb1
Qa7 35. Rxb6 Qxb6 36. Ne3 Nd4 37. Bd1 Ra8 38. h3 Qc5 39. a4 Kg7 40. a5 Ra6 41.
Kh2 Bd7 42. Nd5 Be6 43. Qb4 Nc6 44. Qxc5 dxc5 45. Nc7 Rxa5 46. Ra4 Kf6 47. Na6
Bxc4 48. Rxa5 Nxa5 49. Nxc5 1/2-1/2

[Event "2.BLS 0506 Stuttgarter SF - SC HP Böbli"]
[Site "?"]
[Date "2006.01.29"]
[Round "6.7"]
[White "Boehm, Martin"]
[Black "Fritsch, Rolf"]
[Result "1/2-1/2"]
[WhiteElo "2254"]
[BlackElo "2220"]
[PlyCount "100"]
[EventDate "2006.??.??"]

1. e4 g6 2. d4 Bg7 3. Nc3 d6 4. Nf3 Nd7 5. Be2 e6 6. h4 h6 7. g4 a6 8. a4 b6 9.
Be3 Ne7 10. Rg1 Bb7 11. d5 Bxc3+ 12. bxc3 exd5 13. exd5 Nxd5 14. Bd4 Rg8 15.
Qd2 Qe7 16. O-O-O O-O-O 17. Rde1 Qf8 18. c4 N5f6 19. a5 Ne4 20. Qe3 Re8 21. Qa3
Nec5 22. axb6 cxb6 23. Be3 Qg7 24. Rd1 Qf6 25. g5 hxg5 26. hxg5 Qe7 27. Nd4 f5
28. gxf6 Qxf6 29. Nb3 Qc3 30. Bg4 Be4 31. Bxd7+ Nxd7 32. Qxa6+ Kc7 33. Qa7+ Bb7
34. Qa3 Nc5 35. Bd4 Nxb3+ 36. Qxb3 Qxb3 37. cxb3 Re2 38. Be3 Be4 39. Rd2 Rxd2
40. Kxd2 Kc6 41. Kc3 b5 42. Ra1 bxc4 43. bxc4 Rc8 44. Kd4 Bf3 45. Rg1 Rg8 46.
Bf4 Re8 47. Be3 Re4+ 48. Kd3 Re6 49. Ra1 Kc7 50. Bf4 Kb7 1/2-1/2

[Event "2.BLS 0506 Stuttgarter SF - SC HP Böbli"]
[Site "?"]
[Date "2006.01.29"]
[Round "6.8"]
[White "Migl, Dieter"]
[Black "Remmler, Hans-Peter"]
[Result "1/2-1/2"]
[WhiteElo "2213"]
[BlackElo "2231"]
[PlyCount "50"]
[EventDate "2006.??.??"]

1. e4 e5 2. Nf3 Nc6 3. Bb5 a6 4. Ba4 Nf6 5. O-O Nxe4 6. d4 b5 7. Bb3 d5 8. Nxe5
Nxe5 9. dxe5 Be6 10. c3 Bc5 11. Qe2 O-O 12. Be3 f5 13. exf6 Qxf6 14. Nd2 Bd6
15. Nxe4 dxe4 16. Rfe1 Rae8 17. g3 Kh8 18. Bxe6 Qxe6 19. a4 {(=)} Qb3 20. axb5
axb5 21. Ra5 Rf5 22. Rea1 h5 23. Ra8 Qg8 24. Rxe8 Qxe8 25. Bd4 Bc5 {(=)}
1/2-1/2

[Event "2.BLS 0506 SK Viernheim - SG Turm Trier"]
[Site "?"]
[Date "2006.01.29"]
[Round "6.1"]
[White "Jaracz, Pawel"]
[Black "Boguslavsky, Oleh"]
[Result "1-0"]
[WhiteElo "2492"]
[BlackElo "2386"]
[PlyCount "93"]
[EventDate "2006.??.??"]

1. e4 e5 2. Nf3 Nc6 3. Bb5 a6 4. Ba4 Nf6 5. O-O Be7 6. Re1 b5 7. Bb3 d6 8. c3
O-O 9. h3 Bb7 10. d4 Re8 11. Nbd2 Bf8 12. a4 h6 13. Bc2 exd4 14. cxd4 Nb4 15.
Bb1 c5 16. d5 Nd7 17. Ra3 c4 18. Nd4 Qf6 19. Nf5 Ne5 20. Rg3 Kh8 21. Nf1 Nbd3
22. Bxd3 Nxd3 23. Rxd3 cxd3 24. Qxd3 Bc8 25. Nd4 bxa4 26. Bd2 Bd7 27. Bc3 Qg5
28. Ng3 Kg8 29. Re3 g6 30. Nf3 Qe7 31. e5 Bg7 32. exd6 Qxd6 33. Ne4 Rxe4 34.
Qxe4 Bxc3 35. Rxc3 Re8 36. Qd4 f6 37. Re3 Rc8 38. Re1 Rc5 39. Qd3 Kf7 40. Nh4
f5 41. Qd4 Rxd5 42. Qh8 Be6 43. Qxh6 Ke8 44. Nxg6 Rd1 45. Rxd1 Qxd1+ 46. Kh2
Qd6+ 47. Nf4 1-0

[Event "2.BLS 0506 SK Viernheim - SG Turm Trier"]
[Site "?"]
[Date "2006.01.29"]
[Round "6.2"]
[White "Lazarev, Vladimir"]
[Black "Bobras, Piotr"]
[Result "1/2-1/2"]
[WhiteElo "2513"]
[BlackElo "2563"]
[PlyCount "51"]
[EventDate "2006.??.??"]

1. d4 Nf6 2. c4 g6 3. Nc3 d5 4. Bf4 Bg7 5. e3 c5 6. dxc5 Qa5 7. Rc1 dxc4 8.
Bxc4 O-O 9. Nf3 Qxc5 10. Bb3 Nc6 11. O-O Qa5 12. h3 Bf5 13. Qe2 Ne4 14. Nxe4
Bxe4 15. Rfd1 Bxf3 16. Qxf3 Bxb2 17. Rb1 Bf6 18. Rd7 Ne5 19. Bxe5 Qxe5 20. Rxb7
a5 21. a4 Rac8 22. Rb5 Rc5 23. Rxc5 Qxc5 24. Qd5 Qxd5 25. Bxd5 Rd8 26. Rd1
1/2-1/2

[Event "2.BLS 0506 SK Viernheim - SG Turm Trier"]
[Site "?"]
[Date "2006.01.29"]
[Round "6.3"]
[White "Flumbort, Andras"]
[Black "Mandel, Andreas"]
[Result "1-0"]
[WhiteElo "2448"]
[BlackElo "2410"]
[PlyCount "81"]
[EventDate "2006.??.??"]

1. d4 Nf6 2. c4 g6 3. Nc3 Bg7 4. e4 d6 5. Be2 O-O 6. Nf3 e5 7. O-O Nc6 8. d5
Ne7 9. b4 Nh5 10. Re1 a5 11. bxa5 f5 12. Nd2 Nf6 13. a4 Rxa5 14. f3 Bh6 15. Nb3
Bxc1 16. Qxc1 Ra8 17. c5 Kh8 18. cxd6 cxd6 19. a5 Bd7 20. Qa3 Qb8 21. Nd2 Rc8
22. Nc4 Rc5 23. Qb4 Qc7 24. Nb6 Rf8 25. Rac1 fxe4 26. fxe4 Neg8 27. Na2 Nh6 28.
Rxc5 dxc5 29. Rc1 Bg4 30. Rxc5 Qf7 31. Rc7 Qxc7 32. Qxf8+ Nhg8 33. Bd3 Be2 34.
Bb1 Bc4 35. Qc8 Qxc8 36. Nxc8 Bxa2 37. Bxa2 Nxe4 38. d6 Ngf6 39. Bd5 Nxd6 40.
Bxb7 Nb5 41. a6 1-0

[Event "2.BLS 0506 SK Viernheim - SG Turm Trier"]
[Site "?"]
[Date "2006.01.29"]
[Round "6.4"]
[White "Carbonnel, Pierre"]
[Black "Seger, Ruediger"]
[Result "1-0"]
[WhiteElo "2275"]
[BlackElo "2413"]
[PlyCount "95"]
[EventDate "2006.??.??"]

1. e4 c6 2. d4 d5 3. Nc3 dxe4 4. Nxe4 Bf5 5. Ng3 Bg6 6. h4 h6 7. Nf3 Nd7 8. h5
Bh7 9. Bd3 Bxd3 10. Qxd3 Ngf6 11. Bf4 Qa5+ 12. Bd2 Qc7 13. O-O-O e6 14. Ne4
O-O-O 15. g3 Nxe4 16. Qxe4 Bd6 17. c4 c5 18. d5 Rhe8 19. Qg4 Ne5 20. Nxe5 Bxe5
21. Rhe1 Bd4 22. dxe6 fxe6 23. Be3 Bf6 24. Rxd8+ Qxd8 25. Qg6 Re7 26. Rd1 Rd7
27. Rxd7 Qxd7 28. Qe4 Qd6 29. Bf4 Qa6 30. Kb1 Kd7 31. b3 Qc6 32. Qxc6+ Kxc6 33.
Kc2 Bd4 34. f3 e5 35. Bd2 Kd6 36. Kd3 Ke6 37. Ke4 b6 38. g4 Bb2 39. f4 exf4 40.
Bxf4 a6 41. a4 Bf6 42. Bc7 Be7 43. Bxb6 Bd6 44. Ba5 Be5 45. Bd2 Bf6 46. b4 cxb4
47. Bxb4 Bb2 48. Bc5 1-0

[Event "2.BLS 0506 SK Viernheim - SG Turm Trier"]
[Site "?"]
[Date "2006.01.29"]
[Round "6.5"]
[White "Galyas, Miklos"]
[Black "Schmidt, Stefan"]
[Result "1-0"]
[WhiteElo "2424"]
[BlackElo "2234"]
[PlyCount "97"]
[EventDate "2006.??.??"]

1. d4 Nf6 2. Bg5 e6 3. e4 h6 4. Bxf6 Qxf6 5. c3 d5 6. e5 Qd8 7. Nf3 b6 8. Bd3
Qd7 9. Qe2 a5 10. O-O Ba6 11. c4 Nc6 12. cxd5 Bxd3 13. Qxd3 Qxd5 14. Nc3 Qd7
15. a3 Ne7 16. Rac1 a4 17. Rfd1 Ra5 18. Nd2 Rxe5 19. Nc4 Rf5 20. Ne5 Qd8 21.
Qb5+ c6 22. Qxa4 f6 23. Nxc6 Nxc6 24. Qxc6+ Kf7 25. d5 exd5 26. Nxd5 Bc5 27.
Ne3 Bxe3 28. Rxd8 Bxf2+ {(=)} 29. Kh1 Rxd8 30. Qc7+ Ke8 31. Qxg7 Rc5 32. Qxh6
Rdd5 33. g3 Rh5 34. Qg6+ Ke7 35. Rxc5 Rxc5 36. b4 Re5 37. Qg7+ Ke6 38. Kg2 Bd4
39. Qg4+ Kd5 40. h4 b5 41. h5 Be3 42. Qg6 Bd4 43. Qd3 Re3 44. Qxb5+ Ke4 45. h6
Rxa3 46. Qe2+ Kd5 47. h7 f5 48. Qb5+ Ke4 49. Qe8+ 1-0

[Event "2.BLS 0506 SK Viernheim - SG Turm Trier"]
[Site "?"]
[Date "2006.01.29"]
[Round "6.6"]
[White "Martin, Stefan"]
[Black "Cioara, Andrei Nestor"]
[Result "0-1"]
[WhiteElo "2273"]
[BlackElo "2436"]
[PlyCount "120"]
[EventDate "2006.??.??"]

1. d4 e6 2. Nf3 Nf6 3. c4 b6 4. g3 Ba6 5. Nbd2 c5 6. Bg2 Bb7 7. e4 cxd4 8. e5
Ng4 9. O-O Qc7 10. Re1 Nc6 11. h3 Nh6 12. Nb3 Bc5 13. Nfxd4 Nxd4 14. Nxd4 Bxg2
15. Kxg2 Bxd4 16. Qxd4 Nf5 17. Qd3 Qc6+ 18. f3 d6 19. g4 Nh4+ 20. Kg3 Ng6 21.
Qxd6 Qxd6 22. exd6 Kd7 23. Rd1 h5 24. g5 h4+ 25. Kf2 Rac8 26. b3 Rc6 27. Ba3
Rh5 28. Rg1 Nf4 29. Ke3 Nxh3 30. Rg4 e5 31. Rh1 Nf4 32. Ke4 h3 33. Rh2 Ne6 34.
Kxe5 Nxg5 35. Kf4 f6 36. Kg3 f5 37. Rf4 Ne6 38. Rh4 f4+ 39. Kxh3 Rg5 40. Rg2
Re5 41. Rd2 a5 42. Kg2 Rc8 43. Kf2 Re8 44. Rh7 Re3 45. Bb2 Rg8 46. Bd4 Ng5 47.
Rxg7+ Rxg7 48. Bxg7 Rxf3+ 49. Ke2 Re3+ 50. Kd1 Ne4 51. Rd5 f3 52. Bd4 f2 53.
Bxe3 f1=Q+ 54. Kc2 Qe2+ 55. Bd2 Nf2 56. a4 Qe4+ 57. Kb2 Nd3+ 58. Ka1 Qe2 59.
Bc3 Qd1+ 60. Ka2 Qe2+ 0-1

[Event "2.BLS 0506 SK Viernheim - SG Turm Trier"]
[Site "?"]
[Date "2006.01.29"]
[Round "6.7"]
[White "Kolbus, Dietmar"]
[Black "Tresch, Ralf"]
[Result "1/2-1/2"]
[WhiteElo "2413"]
[BlackElo "2236"]
[PlyCount "108"]
[EventDate "2006.??.??"]

1. c4 e6 2. Nf3 Nf6 3. g3 d5 4. Bg2 Be7 5. O-O O-O 6. Qc2 Nbd7 7. b3 c5 8. cxd5
Nxd5 9. Bb2 Nb4 10. Qc1 Bf6 11. Nc3 Nc6 12. Ne4 Bxb2 13. Qxb2 e5 14. Nd6 Qe7
15. Nxc8 Raxc8 16. d3 b6 17. Rac1 Nf6 18. Nd2 Rfd8 19. Nc4 Nd5 20. Rfd1 h6 21.
Rd2 Rb8 22. Na3 Nd4 23. Rcd1 Rbc8 24. Nb1 Nc6 25. Nc3 Nxc3 26. Qxc3 Qd6 27. Rc1
Ne7 28. Qc4 a5 29. Qb5 Rb8 30. a3 Nd5 31. Rb2 Kf8 32. Qc4 Ne7 33. Rd2 Qd4 34.
Qb5 Qd7 35. Qc4 Qd4 36. Rb1 Nd5 37. Qxd4 exd4 38. Bxd5 Rxd5 39. b4 axb4 40.
axb4 Rc8 41. bxc5 bxc5 42. Rb7 Ke8 43. Ra2 Rd7 44. Raa7 Rxb7 45. Rxb7 c4 46.
dxc4 Rxc4 47. Kg2 d3 48. exd3 Rc3 49. d4 Rc4 50. d5 Rc5 51. d6 Rc6 52. Re7+ Kf8
53. Rd7 Ke8 54. Re7+ Kf8 1/2-1/2

[Event "2.BLS 0506 SK Viernheim - SG Turm Trier"]
[Site "?"]
[Date "2006.01.29"]
[Round "6.8"]
[White "Spiegel, Stefan Dr"]
[Black "Niklasch, Oliver"]
[Result "0-1"]
[WhiteElo "2240"]
[BlackElo "2405"]
[PlyCount "68"]
[EventDate "2006.??.??"]

1. e4 c5 2. f4 d5 3. Nc3 dxe4 4. Nxe4 e6 5. Nf3 Nc6 6. Bb5 Bd7 7. O-O Nh6 8.
Qe2 Be7 9. c3 O-O 10. d3 Nf5 11. a4 b6 12. Be3 Qc7 13. Neg5 Bd6 14. Nd2 Rad8
15. Nc4 Nce7 16. Nxd6 Qxd6 17. Ne4 Qc7 18. Bc4 Bc6 19. a5 b5 20. Bb3 c4 21. Bc2
Qb7 22. Nc5 Qa8 23. Rf2 Nxe3 24. Qxe3 Nf5 25. Qh3 cxd3 26. Bxd3 Rd5 27. b4 Qd8
28. Be4 Rxc5 29. g4 Bxe4 30. bxc5 Ne7 31. Re1 f5 32. Qe3 Qc7 33. c6 Nd5 34. Qc5
Nxf4 0-1

[Event "2.BLS 0506 Bad Mergentheim - Bayern Mün"]
[Site "?"]
[Date "2006.01.29"]
[Round "6.1"]
[White "Heinzel, Olaf"]
[Black "Ivanov, Mikhail M"]
[Result "1-0"]
[WhiteElo "2401"]
[BlackElo "2457"]
[PlyCount "63"]
[EventDate "2006.??.??"]

1. Nf3 d5 2. d4 c5 3. c3 Nc6 4. e3 e6 5. Bd3 Nf6 6. Nbd2 Qc7 7. O-O Be7 8. dxc5
Bxc5 9. e4 O-O 10. exd5 exd5 11. Nb3 Bb6 12. h3 Bxh3 13. gxh3 Qg3+ 14. Kh1
Qxh3+ 15. Nh2 Ne5 16. Be2 Rae8 17. Nd4 Ne4 18. Bf4 Ng6 19. Bg4 Qh4 20. Be3 Bc7
21. Ndf3 Qe7 22. Rg1 Qd6 23. Qf1 f5 24. Bh5 f4 25. Bd4 Ng3+ 26. fxg3 fxg3 27.
Bxg6 hxg6 28. Qh3 gxh2 29. Rg2 Rf5 30. Ng5 Rxg5 31. Rxg5 Qf4 32. Qg2 1-0

[Event "2.BLS 0506 Bad Mergentheim - Bayern Mün"]
[Site "?"]
[Date "2006.01.29"]
[Round "6.2"]
[White "Karpatchev, Aleksandr"]
[Black "Renner, Christoph"]
[Result "1-0"]
[WhiteElo "2507"]
[BlackElo "2447"]
[PlyCount "71"]
[EventDate "2006.??.??"]

1. e4 c5 2. c3 d5 3. exd5 Qxd5 4. d4 Nf6 5. Nf3 Bg4 6. dxc5 Qxc5 7. Na3 a6 8.
Be3 Qc7 9. h3 Bh5 10. Nc4 Nbd7 11. g4 Bg6 12. g5 Ne4 13. Nh4 e6 14. Qf3 Nd6 15.
Nxg6 hxg6 16. Bf4 e5 17. Nxe5 Nxe5 18. Bxe5 Qe7 19. Qe2 Rh4 20. Bg2 O-O-O 21.
Bg3 Ra4 22. Qxe7 Bxe7 23. b3 Ra5 24. h4 Nf5 25. Bh3 Bd6 {(=)} 26. O-O Bxg3 27.
fxg3 Rd3 28. Bxf5+ gxf5 29. Kg2 Rxc3 30. h5 Rd5 31. Rad1 Rxd1 32. Rxd1 Re3 33.
Kf2 Re6 34. Re1 Rd6 35. Re7 Rd2+ 36. Kf3 1-0